书目信息 |
| 题名: |
港台语词词典
|
|
| 作者: | 黄丽丽 编著 | |
| 分册: | ||
| 出版信息: | 合肥 黄山书社 1990.10 |
|
| 页数: | 461页 | |
| 开本: | 19cm | |
| 丛书名: | ||
| 单 册: | ||
| 中图分类: | H164 | |
| 科图分类: | ||
| 主题词: | 汉语--词典 | |
| 电子资源: | ||
| ISBN: | 7-80535-188-0 | |
| 000 | 00611nam0 2200217 45 | |
| 001 | 0192016233 | |
| 005 | 20070731171353.93 | |
| 010 | @a7-80535-188-0@b精装@dCNY8.90 | |
| 020 | @aCN@b92016233 | |
| 100 | @a19921211d1990 em y0chiy0121 ea | |
| 101 | 0 | @achi |
| 102 | @aCN@b340000 | |
| 105 | @ay e 000yy | |
| 200 | 10 | @a港台语词词典@Agang tai yu ci ci dian@f黄丽丽等编著@Fhuang li li deng bian zhu |
| 210 | @a合肥@c黄山书社@d1990.10 | |
| 215 | @a461页@d19cm | |
| 606 | 0 | @a汉语@x词典 |
| 690 | @aH164@v3 | |
| 701 | 0 | @a黄丽丽@4编著 |
| 801 | 0 | @aCN@bNLC@c20070731 |
| 905 | @f2@b250492-493@dH164@e104@b250490@f1 | |
| 港台语词词典/黄丽丽等编著.-合肥:黄山书社,1990.10 |
| 461页;19cm |
| ISBN 7-80535-188-0(精装):CNY8.90 |
| ● |
| 相关链接 |
|
|
|
|
正题名:港台语词词典
索取号:H164/104
 
预约/预借
| 序号 | 登录号 | 条形码 | 馆藏地/架位号 | 状态 | 备注 |
| 1 | 0250490 | 001560867 | 密集书库/ [索取号:H164/104] | 在馆 | |
| 2 | 0250492 | 001560876 | 密集书库/ [索取号:H164/104] | 在馆 | |
| 3 | 0250493 | 001560849 | 密集书库/ [索取号:H164/104] | 在馆 | |
| 4 | 0250494 | 202073736 | 第二样本阅览室/ [索取号:H164/104] | 在馆 | |
| 5 | 0790294 | 207902947 | 密集书库/ [索取号:H164/104] | 在馆 |